Villes hôtes des JO d'été - Statistiques

Statistiques générales
  • Ce quiz a été pris 259 fois
  • Le résultat moyen est 28 sur 35
Statistiques - réponses
Année Ville % Correct
1900 Paris
99%
1924 Paris
99%
2024 Paris
99%
1940 (annulés) Tokyo
97%
1964 Tokyo
97%
2020 (2021) Tokyo
97%
1896 Athènes
96%
2004 Athènes
96%
1908 Londres
96%
1944 (annulés) Londres
96%
1948 Londres
96%
2012 Londres
96%
1932 Los Angeles
96%
1984 Los Angeles
96%
2028 Los Angeles
96%
2008 Pékin
93%
2016 Rio de Janeiro
93%
1916 (annulés) Berlin
91%
1936 Berlin
91%
2000 Sydney
91%
1992 Barcelone
89%
1960 Rome
85%
1980 Moscou
84%
1968 Mexico
77%
1996 Atlanta
68%
1972 Munich
68%
1988 Séoul
67%
1928 Amsterdam
56%
1912 Stockholm
56%
2032 Brisbane
49%
1976 Montréal
49%
1952 Helsinki
48%
1956 Melbourne
46%
1904 Saint-Louis
36%
1920 Anvers
33%
Aucun quiz correspondant
Distribution des résultats
% des personnes avec chaque résultat
Percentile par nombre de réponses
Votre historique - résultats
Vous n’avez pas pris ce quiz